| 000 | 00361nam a2200157Ia 4500 | ||
|---|---|---|---|
| 100 | _aWalston/J.A/ Miller /J.R | ||
| 650 | _aElectrical Engineering | ||
| 942 | _cBK | ||
| 654 | _aTransistor | ||
| 245 | _aTransistor Circuit Design | ||
| 260 |
_bMcGraw Hill _aAuckland _c1986 |
||
| 082 |
_a621.3 _bWal/Mil |
||
| 300 | _a523 | ||
| 546 | _aENGLISH | ||
| 999 |
_c32884 _d32884 |
||